Pays enclavés - Carte Quiz - Statistiques

Statistiques générales
  • Ce quiz a été pris 118 fois
    69 depuis la dernière actualisation
  • Le résultat moyen est 42 sur 45
Réponses sur la Carte
Les réponses sont colorées sur une échelle allant du rouge au vert en fonction du pourcentage des utilisateurs qui les ont devinées à leur premier essai. Vous pouvez retrouver ces pourcentages ci-dessous.
 
Statistiques - réponses
Pays % Correct
Mongolie
100%
Paraguay
100%
Andorre
98%
Biélorussie
98%
Kazakhstan
98%
République Tchèque
98%
Slovaquie
98%
Turkménistan
98%
Vatican
98%
Afghanistan
97%
Autriche
97%
Bolivie
97%
Liechtenstein
97%
Luxembourg
97%
Niger
97%
Ouzbékistan
97%
Kirghizistan
95%
Kosovo
95%
Lesotho
95%
Mali
95%
Népal
95%
Saint-Marin
95%
Serbie
95%
Suisse
95%
Tadjikistan
95%
Arménie
94%
Azerbaïdjan
94%
Bhoutan
94%
Hongrie
94%
Laos
94%
Moldavie
94%
Tchad
94%
Zimbabwe
94%
Eswatini
92%
Macédoine du Nord
92%
Rwanda
92%
Soudan du Sud
92%
Zambie
92%
Botswana
89%
Éthiopie
89%
Ouganda
89%
Malawi
87%
République Centrafricaine
85%
Burkina Faso
84%
Burundi
84%
Aucun quiz correspondant
Distribution des résultats
% des personnes avec chaque résultat
Percentile par nombre de réponses
Votre historique - résultats
Vous n’avez pas pris ce quiz depuis la dernière actualisation